00829nam a22001817a 450000500170000000800410001702000180005805000250007624502230010125000110032426000520033530000220038765000460040965000490045565000530050465100560055770000340061320211126093637.0211109b mx ||||| |||| 00| 0 spa d a978607787647204aHV6535.M62bO29 201700aCuando el Estado aplasta b: informe de la Comisión de la Verdad sobre los crímenes de lesa humanidad contra el pueblo oaxaqueño en 2006 y 2007 (versión popular)c / edición y selección Diego Enrique Osorno a1a ed. aCiudad de México :bEdiciones Proceso, c2017 a324 p. ; c23 cm. 72lembaAsesinato masivozOaxaca (México) 72lembaAsesinatos en seriezOaxaca (México) 72lembaCorrupción políticazOaxaca (México) 0aOaxaca (México)xPolítica y gobiernoySiglo XXI1 aOsorno, Diego Enriqueeeditor